000 00647nam a22002057a 4500
003 OSt
005 20260124024922.0
008 260124b |||||||| |||| 00| 0 eng d
020 _a0-02-181011-7.
040 _aDwWC-Main lib.
_cOC
082 _2Bronze level
_aCirc. 800 B693s 1997
100 _aBoyd, Candy Dawson
245 _aSpotlight on literature/
_cCandy Dawson Boyd
250 _aBronze level
260 _aNew York :
_b Macmillan/McGraw-hill,
_c c1997.
300 _axv, 775 p. :
_b illustration ;
_c28 cm.
504 _aIncludes glossary and index.
650 _a1. Literature.
942 _2ddc
_cBK-CIRC
_eBronze level
_hCirc.
_n0
999 _c7760
_d7760